000 00207 a2200097 4500
001 1497
100 _aAddison, H.
245 _aCentriguagal & other roldynawic
260 _a
_bChapman
_c
090 _c1039
_d1039
942 _aNUST-CAE
_cM
_c436
999 _c236570
_d236570